About teaching and teachers (Record no. 95729)

MARC details
000 -CABECERA
campo de control de longitud fija 00487nam a2200193 a 4500
005 - FECHA Y HORA DE LA ÚLTIMA TRANSACCIÓN
campo de control 20210219154348.0
008 - ELEMENTOS DE LONGITUD FIJA--INFORMACIÓN GENERAL
campo de control de longitud fija 991125n 000 0 eng u
035 ## - NÚMERO DE CONTROL DEL SISTEMA
Número de control de sistema UPN01000123549
100 ## - ASIENTO PRINCIPAL--NOMBRE PERSONAL
Nombre de persona THOMAS, Donald W.
222 ## - TÍTULO CLAVE
Título clave HARVARD EDUCATIONAL REVIEW
245 ## - MENCIÓN DE TÍTULO
Título About teaching and teachers
300 ## - DESCRIPCIÓN FÍSICA
Extensión 220-222
362 ## - FECHAS DE PUBLICACIÓN Y/O DESIGNACIÓN SECUENCIAL
Fecha de publicación y/o designación secuencial 1985 Vol. 55, No. 2. may.
653 0# - TERMINO DE INDIZACION - NO CONTROLADO
Término no controlado APRENDIZAJE
653 0# - TERMINO DE INDIZACION - NO CONTROLADO
Término no controlado MAESTROS
653 0# - TERMINO DE INDIZACION - NO CONTROLADO
Término no controlado MOTIVACION
904 ## - ELEMENTOS DE DATOS D LOCAL, LDD (RLIN)
a AC
b 000218
905 ## - TIPO DE MATERIAL
Tipo de material Articulo

No items available.